| 000 | 00418cam a2200157ua 4500 | ||
|---|---|---|---|
| 041 |
_aeng _h |
||
| 082 |
_a628.3 _bBAT/ST |
||
| 100 | _aBateson, T.C.H . | ||
| 245 |
_aStudent`s introduction to sewage works design / _cT.C.H.Bateson. _hTextual Documents |
||
| 260 |
_aLondon : _bSir Isaac Pitman & Sons Ltd , _c1958. |
||
| 300 | _a144 ; . | ||
| 504 | _a | ||
| 942 | _cBK | ||
| 999 |
_c8809 _d8809 |
||